[Event "VII Open Primavera"]
[Site "Como ITA"]
[Date "2012.05.03"]
[Round "3"]
[White "Panzetta, Vieri"]
[Black "Bassoli, Andrea D."]
[WhiteElo "1459"]
[BlackElo "1542"]
[Result "0-1"]
[PlyCount "98"]
[EventDate "2012.04.19"]

1. e4 e5 2. Nf3 Nc6 3. d4 exd4 4. Nxd4 Nf6 5. Nxc6 bxc6 6. Nc3 Bb4 7. Bg5 O-O
8. Bd3 d5 9. exd5 Re8+ 10. Be2 Bxc3+ 11. bxc3 Ba6 12. Be3 Bxe2 13. Qxe2 Ne4 14.
Qd3 Qf6 15. O-O c5 16. Qc4 Qxc3 17. Qxc3 Nxc3 18. Bxc5 Nxd5 19. Rfe1 f6 20. Kf1
a5 21. Rxe8+ Rxe8 22. Re1 Rxe1+ 23. Kxe1 Nb4 24. Bxb4 axb4 25. Ke2 Kf7 26. Kd3
Ke6 27. Kc4 h5 28. Kxb4 g5 29. a4 Kd6 30. Kb5 Kd7 31. a5 Kc8 32. Kc6 f5 33. a6
Kb8 34. c4 f4 35. Kd7 g4 36. a7+ Kxa7 37. Kxc7 h4 38. c5 g3 39. hxg3 f3 40.
gxf3 h3 41. Kd7 h2 42. c6 h1=Q 43. c7 Qh3+ 44. Kd8 Kb7 45. g4 Qh4+ 46. Kd7 Qh7+
47. Kd6 Qxc7+ 48. Kd5 Qf4 49. Ke6 Qxf3 0-1

[Event "VII Open Primavera"]
[Site "Como ITA"]
[Date "2012.05.03"]
[Round "3"]
[White "Primerano, Carlo"]
[Black "Orsenigo, Davide"]
[WhiteElo "1751"]
[BlackElo "1833"]
[Result "0-1"]
[PlyCount "112"]
[EventDate "2012.04.19"]

1. d4 Nf6 2. c4 c5 3. d5 b5 4. cxb5 a6 5. bxa6 Bxa6 6. Nc3 d6 7. g3 g6 8. Bg2
Bg7 9. Nf3 Nbd7 10. Rb1 Qb6 11. O-O Ng4 12. Qc2 O-O 13. Rd1 Rfb8 14. b3 c4 15.
e3 Qa5 16. Bb2 Nc5 17. h3 Ne5 18. Nxe5 Bxe5 19. Ba1 Rb6 20. Ne4 cxb3 21. axb3
Bd3 22. Rxd3 Nxd3 23. Bxe5 Nxe5 24. f4 Nd7 25. Qc7 Rxb3 26. Rc1 Rb1 27. Qc2
Rxc1+ 28. Qxc1 Qa1 29. Qxa1 Rxa1+ 30. Kf2 Nb6 31. Nc3 Rc1 32. Ne2 Rd1 33. e4 f5
34. exf5 gxf5 35. Nc3 Rd2+ 36. Ne2 Nxd5 37. Ke1 Rd3 38. Bf1 Ne3 39. Kf2 Nxf1
40. Kxf1 Kf7 41. Kf2 Rd2 42. Ke3 Rxe2+ 43. Kxe2 h5 44. Ke3 Ke6 45. Kd4 Kd7 46.
Kd5 e6+ 47. Kd4 Kc7 48. Kc4 Kc6 49. Kd4 Kb5 50. Kd3 Kc5 51. Kc3 d5 52. Kd3 d4
53. Kd2 Kc4 54. Kc2 d3+ 55. Kd2 Kd4 56. h4 Ke4 0-1

[Event "VII Open Primavera"]
[Site "Como ITA"]
[Date "2012.05.03"]
[Round "3"]
[White "Rossi, Giampiero"]
[Black "Coppola, Guido"]
[WhiteElo "1896"]
[BlackElo "1990"]
[Result "1-0"]
[PlyCount "47"]
[EventDate "2012.04.19"]

1. d4 d5 2. c4 e6 3. Nc3 Nf6 4. cxd5 exd5 5. Bg5 c6 6. e3 Be7 7. Bd3 O-O 8. Qc2
Nbd7 9. Nge2 Re8 10. O-O Nf8 11. Rab1 Ne4 12. Bxe7 Qxe7 13. b4 a6 14. a4 Bf5
15. b5 Nxc3 16. Nxc3 Bxd3 17. Qxd3 axb5 18. axb5 Ra3 19. bxc6 bxc6 20. Rb6 Qc7
21. Rfb1 Nd7 22. Rb7 Qd6 23. Qf5 Rd8 24. Rxd7 1-0

[Event "VII Open Primavera"]
[Site "Como ITA"]
[Date "2012.05.03"]
[Round "3"]
[White "Rossi, Silio"]
[Black "Gomez, Roberto"]
[WhiteElo "1580"]
[BlackElo "1904"]
[Result "0-1"]
[PlyCount "98"]
[EventDate "2012.04.19"]

1. b4 e5 2. Bb2 d6 3. e4 Nf6 4. Nc3 g6 5. Bd3 Bg7 6. Nf3 O-O 7. a3 Re8 8. O-O
Bg4 9. h3 Be6 10. Bb5 c6 11. Be2 Nh5 12. Nh2 Nf4 13. Bg4 f5 14. Bf3 Qg5 15. Kh1
Nd7 16. Ne2 fxe4 17. Bxe4 d5 18. Nxf4 Qxf4 19. Bf3 e4 20. g3 Qf7 21. Bxg7 Bxh3
22. Bg2 Bxg2+ 23. Kxg2 Kxg7 24. Qg4 Ne5 25. Qe2 Qe6 26. Rh1 Rf8 27. Qe3 Qf5 28.
Qd4 Kg8 29. Qe3 Rf7 30. Raf1 Nc4 31. Qc3 Raf8 32. a4 g5 33. d3 exd3 34. cxd3
Ne5 35. d4 Ng6 36. f3 h5 37. g4 Nf4+ 38. Kf2 Nd3+ 39. Kg2 Nf4+ 40. Kf2 Qd3 41.
Qb2 h4 42. Rd1 Qh7 43. Qd2 Re7 44. Rhe1 Rfe8 45. Rxe7 Rxe7 46. Kg1 Re2 47. Qc3
h3 48. Qc1 Qh4 49. Nf1 Qf2+ 0-1

[Event "VII Open Primavera"]
[Site "Como ITA"]
[Date "2012.05.10"]
[Round "4"]
[White "Bassoli, Andrea D."]
[Black "Casarola, Andrea"]
[WhiteElo "1542"]
[BlackElo "1284"]
[Result "1-0"]
[PlyCount "51"]
[EventDate "2012.04.19"]

1. d4 e6 2. c4 Nf6 3. Nc3 d5 4. e3 c6 5. Nf3 Bb4 6. Qc2 Nbd7 7. b3 O-O 8. Bb2
Ne4 9. Bd3 f5 10. O-O b6 11. Ne2 Bd6 12. Nf4 Rf6 13. Ne5 Bxe5 14. dxe5 Rh6 15.
g3 g5 16. Ng2 g4 17. Nf4 Nf8 18. Rad1 Ng5 19. Be2 Ba6 20. h4 Ne4 21. cxd5 Bxe2
22. Nxe2 cxd5 23. Rc1 Rc8 24. Qxc8 Qxc8 25. Rxc8 Nd2 26. Rfc1 1-0

[Event "VII Open Primavera"]
[Site "Como ITA"]
[Date "2012.05.10"]
[Round "4"]
[White "Coppola, Guido"]
[Black "Ghelfi, Giancarlo"]
[WhiteElo "1990"]
[BlackElo "1667"]
[Result "1-0"]
[PlyCount "48"]
[EventDate "2012.04.19"]

1. e4 c5 2. Nf3 d6 3. g3 g6 4. Bg2 Bg7 5. O-O Nc6 6. c3 Qc7 7. Re1 e6 8. d4
Nge7 9. Na3 a6 10. d5 Ne5 11. Nxe5 Bxe5 12. Nc4 Bg7 13. dxe6 O-O 14. exf7+ Kh8
15. Qxd6 Qxd6 16. Nxd6 Rb8 17. Bf4 Nc6 18. e5 Be6 19. b3 Nd8 20. Rad1 b5 21. h3
Nxf7 22. Nxf7+ Rxf7 23. Rd6 Bf5 24. Rxa6 h6 1-0

[Event "VII Open Primavera"]
[Site "Como ITA"]
[Date "2012.05.10"]
[Round "4"]
[White "Gomez, Roberto"]
[Black "Giaracuni, Claudio"]
[WhiteElo "1904"]
[BlackElo "1823"]
[Result "1/2-1/2"]
[PlyCount "100"]
[EventDate "2012.04.19"]

1. e4 c6 2. d4 d5 3. e5 Bf5 4. c3 e6 5. Nf3 Nd7 6. Bd3 Bxd3 7. Qxd3 Ne7 8. Bg5
Qb6 9. b4 a5 10. a3 c5 11. Bxe7 Bxe7 12. dxc5 Bxc5 13. O-O axb4 14. cxb4 Bxb4
15. Nbd2 Bc5 16. Rab1 Rxa3 17. Rxb6 Rxd3 18. Rxb7 f6 19. Ra1 Ke7 20. Nb3 Ra8
21. Rc1 Rxb3 22. Rxb3 Ra2 23. Rb7 Kd8 24. exf6 gxf6 25. h3 Bxf2+ 26. Kh1 Bg3
27. Nd4 Ke7 28. Nb3 Rb2 29. Nc5 Rxb7 30. Nxb7 f5 31. Nc5 Nxc5 32. Rxc5 d4 33.
Kg1 Kf6 34. Kf1 e5 35. Ke2 e4 36. Rc6+ Kg5 37. Rc4 d3+ 38. Kd1 Bf2 39. Kd2 h5
40. Rc8 Kf4 41. Rc6 Be3+ 42. Kd1 Kg3 43. Rg6+ Kf2 44. g4 hxg4 45. hxg4 fxg4 46.
Rxg4 Kf3 47. Rh4 Bd4 48. Rh3+ Kg2 49. Rh4 Kf3 50. Rh3+ Kg4 1/2-1/2

[Event "VII Open Primavera"]
[Site "Como ITA"]
[Date "2012.05.10"]
[Round "4"]
[White "Iachelini, Gianfranco"]
[Black "Brambilla, Emilio"]
[WhiteElo "1437"]
[BlackElo "1464"]
[Result "1/2-1/2"]
[PlyCount "130"]
[EventDate "2012.04.19"]

1. Nf3 d6 2. d4 g6 3. h3 Bg7 4. Bf4 Nf6 5. e3 O-O 6. Nc3 h5 7. Bd3 Nh7 8. Qd2
Bd7 9. e4 Nc6 10. Ne2 a6 11. Bh6 Re8 12. Bxg7 Kxg7 13. d5 e5 14. dxc6 Bxc6 15.
O-O-O Nf6 16. Nc3 b5 17. g4 Rh8 18. g5 Nd7 19. Nd5 a5 20. h4 a4 21. a3 Nb6 22.
Nb4 Bd7 23. Qe2 c5 24. Nd5 c4 25. Nxb6 cxd3 26. Qxd3 Qxb6 27. Qxd6 Qxd6 28.
Rxd6 Be6 29. Nxe5 Ra5 30. Nd3 Re8 31. Nb4 Bg4 32. Re1 Bf3 33. Re3 Bg2 34. e5
Ra7 35. e6 fxe6 36. Rexe6 Rxe6 37. Rxe6 Rf7 38. Nd3 Bf1 39. Kd2 Bxd3 40. Kxd3
Rf4 41. Re4 Rxf2 42. Rb4 Rh2 43. c3 Kf7 44. Ke3 Ke6 45. Kf3 Rd2 46. Rxb5 Rd4
47. Rb4 Rd2 48. Ke3 Rh2 49. Kf3 Kf5 50. Kg3 Rd2 51. Rxa4 Rxb2 52. Rb4 Rc2 53.
Rb3 Re2 54. c4 Rc2 55. Rf3+ Ke5 56. Rf4 Rc3+ 57. Rf3 Rxc4 58. Rf6 Ra4 59. Rxg6
Rxa3+ 60. Kh2 Kf4 61. Rc6 Ra4 62. g6 Ra7 63. Rc4+ Kf5 64. Rc6 Kg4 65. Rc4+ Kf5
1/2-1/2

[Event "VII Open Primavera"]
[Site "Como ITA"]
[Date "2012.05.10"]
[Round "4"]
[White "Mauri, Agostino"]
[Black "Lipari, Alberto"]
[WhiteElo "1494"]
[BlackElo "1609"]
[Result "1-0"]
[PlyCount "100"]
[EventDate "2012.04.19"]

1. d4 g6 2. c4 Bg7 3. Nc3 d6 4. Nf3 Nc6 5. e4 e5 6. d5 Nd4 7. Be3 Bg4 8. Be2 c5
9. Nd2 Bxe2 10. Nxe2 Bh6 11. Bxh6 Nxh6 12. O-O O-O 13. Nxd4 cxd4 14. b4 f5 15.
h3 Rc8 16. Rc1 b6 17. Qb3 Qh4 18. Qd3 fxe4 19. Nxe4 Qe7 20. Rc2 Rc7 21. c5 Nf7
22. Rfc1 bxc5 23. bxc5 Rfc8 24. c6 Ng5 25. Rb2 Nxe4 26. Qxe4 Qg5 27. Rcb1 Qe7
28. a4 Rf8 29. g3 Qf7 30. Kg2 h5 31. h4 a5 32. f3 Qf6 33. Rb7 Rcf7 34. Rxf7
Rxf7 35. Rb7 Qg7 36. Qb1 Kh7 37. Rxf7 Qxf7 38. Qb7 Kg7 39. Qxf7+ Kxf7 40. c7 d3
41. c8=Q d2 42. Qc2 d1=Q 43. Qxd1 g5 44. hxg5 Kg6 45. Qc2+ Kxg5 46. Qc7 Kf6 47.
Qxd6+ Kf7 48. Qxe5 h4 49. gxh4 Kg6 50. h5+ Kh7 1-0

[Event "VII Open Primavera"]
[Site "Como ITA"]
[Date "2012.05.11"]
[Round "4"]
[White "Orsenigo, Davide"]
[Black "Rossi, Giampiero"]
[WhiteElo "1833"]
[BlackElo "1896"]
[Result "1-0"]
[PlyCount "55"]
[EventDate "2012.04.19"]

1. e4 c5 2. Nf3 e6 3. d4 cxd4 4. Nxd4 a6 5. Bd3 Nf6 6. Nc3 Qc7 7. O-O d6 8. Be3
Bd7 9. f4 Nc6 10. Nb3 Be7 11. Qf3 O-O 12. g4 Rfc8 13. g5 Ne8 14. Na4 Nd4 15.
Nxd4 Bxa4 16. e5 g6 17. f5 exf5 18. Nxf5 Bf8 19. e6 fxe6 20. Nh6+ Bxh6 21. gxh6
Qe7 22. Qg2 Bc6 23. Qg3 Nc7 24. Bg5 Qd7 25. Bf6 Qf7 26. Be5 Qd7 27. Bxg6 dxe5
28. Be8+ 1-0

[Event "VII Open Primavera"]
[Site "Como ITA"]
[Date "2012.05.10"]
[Round "4"]
[White "Petetta, Roberto"]
[Black "Primerano, Carlo"]
[WhiteElo "1665"]
[BlackElo "1751"]
[Result "1-0"]
[PlyCount "113"]
[EventDate "2012.04.19"]

1. e4 c5 2. Nf3 e6 3. d4 cxd4 4. Nxd4 Nc6 5. Nc3 a6 6. Be3 Qc7 7. Qd2 Nf6 8. f4
Bb4 9. Bd3 Ng4 10. Nxc6 Qxc6 11. Bd4 Nf6 12. O-O-O d6 13. Qf2 Bc5 14. h3 b5 15.
Bxc5 Qxc5 16. Qxc5 dxc5 17. g4 c4 18. Be2 Ke7 19. e5 Nd7 20. Bf3 Ra7 21. Rd6
Nc5 22. Rhd1 Rd7 23. Bc6 Rdd8 24. Ne4 Nb7 25. Bxb7 Bxb7 26. Nc5 Bd5 27. Rxd8
Rxd8 28. Nxa6 h5 29. g5 h4 30. Rd2 Be4 31. Rf2 Bf5 32. Nc5 Rd4 33. Nb7 b4 34.
Nd6 Bh7 35. f5 exf5 36. Rxf5 Bg8 37. Rf3 Rd5 38. Nxc4 Ke6 39. Rf4 f6 40. gxf6
gxf6 41. Rxf6+ Ke7 42. Rf4 Rc5 43. Nd2 Rxe5 44. Re4 Rxe4 45. Nxe4 Be6 46. Nf2
Kd6 47. Kd2 Kc5 48. Ke3 Bxa2 49. b3 Kd5 50. Nd3 Bb1 51. Nxb4+ Kc5 52. Nd3+ Kb5
53. Kd2 Kc6 54. Ne5+ Kd5 55. Nf3 Ke4 56. Nxh4 Kf4 57. Ng2+ 1-0

[Event "VII Open Primavera"]
[Site "Como ITA"]
[Date "2012.05.10"]
[Round "4"]
[White "Puppi, Simone"]
[Black "Napoli, Ferdinando"]
[WhiteElo "1588"]
[BlackElo "1724"]
[Result "0-1"]
[PlyCount "62"]
[EventDate "2012.04.19"]

{652MB, Fritz12.ctg, EGIDIO} 1. e4 1... c5 2. Nf3 d6 3. Nc3 Nf6 4. d4 cxd4 5.
Nxd4 a6 6. Bd3 e6 7. Be3 Be7 8. f3 Nbd7 9. Nb3 b5 10. a3 Qc7 11. Qd2 Bb7 12.
Ne2 O-O 13. O-O d5 14. Ng3 Rfd8 15. Qf2 Rac8 16. Kh1 Nc5 17. Nxc5 Bxc5 18. e5
Bxe3 19. Qxe3 d4 20. Qg5 h6 21. Qf4 Rd5 22. Rae1 Nd7 23. Qe4 Nf8 24. Nh5 Ng6
25. Nf4 Rxe5 26. Qxd4 Rxe1 27. Nxg6 Rxf1+ 28. Bxf1 fxg6 29. Bd3 Rd8 30. Qg4
Rxd3 31. Qxe6+ Kh7 0-1

[Event "VII Open Primavera"]
[Site "Como ITA"]
[Date "2012.05.10"]
[Round "4"]
[White "Rossi, Silio"]
[Black "Panzetta, Vieri"]
[WhiteElo "1580"]
[BlackElo "1459"]
[Result "1/2-1/2"]
[PlyCount "100"]
[EventDate "2012.04.19"]

1. b4 e5 2. Bb2 d6 3. e3 Nf6 4. Nf3 Be7 5. Be2 O-O 6. a3 a6 7. c4 Nc6 8. Nc3 e4
9. Ng5 Bf5 10. d3 exd3 11. Bxd3 Bxd3 12. Qxd3 h6 13. Nf3 Ne5 14. Qe2 Nxf3+ 15.
Qxf3 c6 16. O-O Qd7 17. Ne2 Qg4 18. Qxg4 Nxg4 19. h3 Ne5 20. c5 Nd7 21. cxd6
Bxd6 22. Nd4 Be5 23. Rfb1 Bxd4 24. Bxd4 Nf6 25. Rd1 Rfd8 26. Bxf6 gxf6 27. Rd4
Rxd4 28. exd4 Rd8 29. Rd1 Rd5 30. Rd3 Kg7 31. f3 b6 32. Rc3 Rd6 33. Kf2 f5 34.
f4 Kf6 35. g4 fxg4 36. hxg4 Ke6 37. Ke3 Kd5 38. Rd3 Re6+ 39. Kf3 Re4 40. Re3
Rxe3+ 41. Kxe3 f6 42. Kd3 b5 43. f5 Kd6 44. Ke4 Kd7 45. d5 Kd6 46. dxc6 Kxc6
47. Kd4 Kd6 48. Ke4 Kc6 49. Kd4 Kd6 50. Ke4 Kc6 1/2-1/2

[Event "VII Open Primavera"]
[Site "Como ITA"]
[Date "2012.05.10"]
[Round "4"]
[White "Salvade', Ettore"]
[Black "Corti, Filippo"]
[WhiteElo "1407"]
[BlackElo "1668"]
[Result "1/2-1/2"]
[PlyCount "106"]
[EventDate "2012.04.19"]

1. e4 c6 2. Nf3 d5 3. e5 Bf5 4. d4 e6 5. a3 Nd7 6. Nbd2 c5 7. c3 Ne7 8. Be2 Nc6
9. O-O Qb6 10. Qb3 Be7 11. Bb5 a6 12. Bxc6 Qxc6 13. Qd1 O-O 14. Nb3 Qc7 15. Bg5
Bxg5 16. Nxg5 h6 17. g4 Bg6 18. Nf3 cxd4 19. cxd4 Rac8 20. Ne1 Bc2 21. Nxc2
Qxc2 22. Qxc2 Rxc2 23. Rab1 Rfc8 24. f3 Re2 25. Rfc1 Rxc1+ 26. Nxc1 Re1+ 27.
Kf2 Rh1 28. Ke3 Nb6 29. b3 Rxh2 30. Ne2 Kf8 31. Rc1 Ke8 32. Rc7 Rh1 33. Rxb7
Nd7 34. Ra7 Rb1 35. b4 Rb3+ 36. Kf2 Rxa3 37. b5 Rb3 38. Ra8+ Ke7 39. bxa6 Ra3
40. Ra7 f6 41. Nc1 fxe5 42. dxe5 Kd8 43. f4 g6 44. Ne2 Nc5 45. Ra8+ Kc7 46. a7
Kb7 47. Rg8 Ne4+ 48. Kg2 Kxa7 49. Rxg6 Ra2 50. Kf3 Ra3+ 51. Kg2 Ra2 52. Kf1
Ra1+ 53. Kg2 Ra2 1/2-1/2

[Event "VII Open Primavera"]
[Site "Como ITA"]
[Date "2012.05.17"]
[Round "5"]
[White "Brambilla, Emilio"]
[Black "Gomez, Roberto"]
[WhiteElo "1464"]
[BlackElo "1904"]
[Result "0-1"]
[PlyCount "128"]
[EventDate "2012.04.19"]

1. g3 c5 2. d3 g6 3. Nf3 Bg7 4. Nbd2 Nf6 5. Bg2 Nc6 6. c3 O-O 7. O-O d6 8. Re1
Rb8 9. e4 Bg4 10. h3 Bxf3 11. Nxf3 Qc7 12. h4 h6 13. Nh2 b5 14. g4 Nd7 15. g5
h5 16. f4 b4 17. c4 a5 18. Rb1 Nd4 19. Be3 b3 20. a3 Nc2 21. Re2 Nxe3 22. Rxe3
Bd4 23. Qf3 a4 24. Kh1 Bxe3 25. Qxe3 Rbd8 26. Bf3 Kg7 27. Qe2 Rh8 28. Rg1 Nb6
29. f5 Nd7 30. Nf1 Ne5 31. Ne3 e6 32. f6+ Kg8 33. Bg2 Kh7 34. Bf3 Nxf3 35. Qxf3
Qa5 36. Rd1 Rd7 37. Nf1 Rhd8 38. Ng3 d5 39. exd5 exd5 40. cxd5 Rxd5 41. Rf1
Rxd3 42. Qb7 Qa8 43. Qxa8 Rxa8 44. Ne4 c4 45. Nc3 Rh3+ 46. Kg2 Rxh4 47. Re1
Rg4+ 48. Kh3 Rxg5 49. Re7 Rf5 50. Rxf7+ Kh6 51. Ne4 Rb8 52. Re7 c3 53. Nd6 Rxf6
54. Nf7+ Rxf7 55. Rxf7 cxb2 56. Rf1 Rc8 57. Rb1 Rc2 58. Kg3 Kg5 59. Kh3 Kf4 60.
Rf1+ Ke3 61. Rb1 Kd2 62. Kh4 Kc3 63. Rg1 Rd2 64. Kh3 Kc2 0-1

[Event "VII Open Primavera"]
[Site "Como ITA"]
[Date "2012.05.19"]
[Round "5"]
[White "Casarola, Andrea"]
[Black "Panzetta, Vieri"]
[WhiteElo "1284"]
[BlackElo "1459"]
[Result "1/2-1/2"]
[PlyCount "83"]
[EventDate "2012.04.19"]

1. d4 d5 2. Nf3 Nc6 3. e3 Bg4 4. c3 e6 5. Bd3 Qf6 6. Nbd2 e5 7. O-O e4 8. h3
Bxf3 9. Nxf3 exf3 10. Qxf3 Qxf3 11. gxf3 Nf6 12. e4 dxe4 13. Bxe4 Nxe4 14. fxe4
Be7 15. Bf4 Rc8 16. Rad1 O-O 17. d5 Nb8 18. Bxc7 Rxc7 19. d6 Bxd6 20. Rxd6 Nc6
21. Rfd1 Rcc8 22. Rd7 Rcd8 23. R1d5 Rxd7 24. Rxd7 Rd8 25. Rxd8+ Nxd8 26. b4 a6
27. a4 b5 28. axb5 axb5 29. Kf1 Kf8 30. Ke1 Ke7 31. Kd2 Kd6 32. c4 bxc4 33. Kc3
Kc6 34. Kxc4 Kb6 35. Kd5 Kb5 36. Kd6 Kxb4 37. Ke7 Kc4 38. Kxd8 Kd4 39. f3 Ke3
40. Ke7 Kxf3 41. Kxf7 Kxe4 42. Kxg7 1/2-1/2

[Event "VII Open Primavera"]
[Site "Como ITA"]
[Date "2012.05.17"]
[Round "5"]
[White "Corti, Filippo"]
[Black "Puppi, Simone"]
[WhiteElo "1668"]
[BlackElo "1588"]
[Result "1-0"]
[PlyCount "79"]
[EventDate "2012.04.19"]

1. Nf3 c5 2. g3 Nf6 3. Bg2 d5 4. d3 Nc6 5. O-O e5 6. Nbd2 Be7 7. e4 O-O 8. Re1
d4 9. Nc4 Qc7 10. a4 Be6 11. Nfd2 Bg4 12. f3 Be6 13. Rf1 a6 14. a5 Nd7 15. f4
f6 16. f5 Bf7 17. Qg4 Nb4 18. Nf3 Kh8 19. Ne1 b6 20. axb6 Nxb6 21. Nxb6 Qxb6
22. b3 a5 23. Qe2 Nc6 24. g4 Qb5 25. h4 a4 26. bxa4 Rxa4 27. Rxa4 Qxa4 28. g5
Qa1 29. Bd2 c4 30. dxc4 Qa4 31. Qg4 Bxc4 32. Rf3 Be2 33. Qh5 Bxf3 34. Bxf3 Bc5
35. Nd3 Qxc2 36. g6 h6 37. Bxh6 Rb8 38. Bxg7+ Kxg7 39. Qh7+ Kf8 40. Qf7# 1-0

[Event "VII Open Primavera"]
[Site "Como ITA"]
[Date "2012.05.17"]
[Round "5"]
[White "Ghelfi, Giancarlo"]
[Black "Salvade', Ettore"]
[WhiteElo "1667"]
[BlackElo "1407"]
[Result "0-1"]
[PlyCount "48"]
[EventDate "2012.04.19"]

1. e4 e5 2. Nf3 Nc6 3. Bb5 Qe7 4. O-O a6 5. Ba4 Nf6 6. Re1 b5 7. Bb3 h6 8. c3
Bb7 9. d4 g6 10. Bd5 exd4 11. cxd4 Rb8 12. Ne5 Nxe5 13. dxe5 Qxe5 14. Nc3 Bb4
15. Qb3 Nxd5 16. Nxd5 Bxe1 17. Bf4 Bxf2+ 18. Kh1 Qd4 19. Nxc7+ Kf8 20. Rd1 Qxe4
21. Bd6+ Kg8 22. Qh3 g5 23. Nd5 Bxd5 24. Bxb8 g4 0-1

[Event "VII Open Primavera"]
[Site "Como ITA"]
[Date "2012.05.17"]
[Round "5"]
[White "Giaracuni, Claudio"]
[Black "Bassoli, Andrea D."]
[WhiteElo "1823"]
[BlackElo "1542"]
[Result "1-0"]
[PlyCount "85"]
[EventDate "2012.04.19"]

1. Nf3 d5 2. g3 c5 3. c4 e6 4. Bg2 Nc6 5. cxd5 exd5 6. d4 Nf6 7. Nc3 b6 8. Bg5
Be7 9. O-O O-O 10. Ne5 Bb7 11. Bxf6 Bxf6 12. Bxd5 Rc8 13. Nxc6 Bxc6 14. dxc5
Bxd5 15. Nxd5 Rxc5 16. Nxf6+ Qxf6 17. b4 Rd8 18. bxc5 Rxd1 19. Rfxd1 bxc5 20.
Rac1 g6 21. Rxc5 Qb2 22. Ra5 Qxe2 23. Rd8+ Kg7 24. Rdd5 Qe1+ 25. Kg2 Qe4+ 26.
Kf1 a6 27. a4 Qc4+ 28. Kg1 Kf8 29. Rd6 Ke7 30. Rdxa6 Kd7 31. Ra7+ Kc6 32. R5a6+
Kd5 33. a5 Ke4 34. Rf6 Qc5 35. Rfxf7 h5 36. h4 Qc3 37. Rae7+ Kd5 38. Rd7+ Ke6
39. Rfe7+ Kf5 40. Rf7+ Kg4 41. Kg2 g5 42. Rd4+ Qxd4 43. f3# 1-0

[Event "VII Open Primavera"]
[Site "Como ITA"]
[Date "2012.05.17"]
[Round "5"]
[White "Napoli, Ferdinando"]
[Black "Orsenigo, Davide"]
[WhiteElo "1724"]
[BlackElo "1833"]
[Result "1-0"]
[PlyCount "31"]
[EventDate "2012.04.19"]

1. e4 c5 2. Nf3 d6 3. d4 cxd4 4. Nxd4 Nf6 5. Nc3 a6 6. Bg5 e6 7. f4 Be7 8. Qf3
Qc7 9. O-O-O Nc6 10. Nxc6 bxc6 11. g4 Rb8 12. Bc4 Nxe4 13. Bxe7 Nxc3 14. Bxd6
Qb6 15. Qxc3 Rb7 16. Qxg7 1-0

[Event "VII Open Primavera"]
[Site "Como ITA"]
[Date "2012.05.17"]
[Round "5"]
[White "Petetta, Roberto"]
[Black "Coppola, Guido"]
[WhiteElo "1665"]
[BlackElo "1990"]
[Result "0-1"]
[PlyCount "56"]
[EventDate "2012.04.19"]

1. e4 c5 2. Nf3 d6 3. d4 cxd4 4. Nxd4 Nf6 5. Nc3 a6 6. Be2 e6 7. O-O Qc7 8. Bg5
Be7 9. f4 b5 10. Bf3 Bb7 11. e5 dxe5 12. fxe5 Ng8 13. Bxe7 Nxe7 14. Bxb7 Qxb7
15. Qg4 Qb6 16. Kh1 O-O 17. Ne4 Ng6 18. Nf3 Nd7 19. Rae1 Qd8 20. Neg5 Qe7 21.
h4 h6 22. Nh3 Rac8 23. h5 Rc4 24. Qg3 Nh4 25. c3 Nxf3 26. Qxf3 Rh4 27. g4 Qg5
28. Qf4 Rxh3+ 0-1

[Event "VII Open Primavera"]
[Site "Como ITA"]
[Date "2012.05.17"]
[Round "5"]
[White "Primerano, Carlo"]
[Black "Crippa, Matteo"]
[WhiteElo "1751"]
[BlackElo "1517"]
[Result "1-0"]
[PlyCount "153"]
[EventDate "2012.04.19"]

1. d4 Nf6 2. c4 g6 3. Nc3 Bg7 4. e4 d6 5. f3 O-O 6. Be3 e5 7. d5 Nh5 8. Qd2 f5
9. Nge2 f4 10. Bf2 Nd7 11. O-O-O a6 12. Ng1 Rb8 13. g4 Nhf6 14. h4 b5 15. Nh3
Ne8 16. Ng5 Nc5 17. Bxc5 dxc5 18. Ne6 Bxe6 19. dxe6 Nd6 20. cxb5 axb5 21. Nxb5
Nxb5 22. Qxd8 Rfxd8 23. Rxd8+ Rxd8 24. Bxb5 Bf6 25. Kc2 Rd4 26. Kc3 h6 27. Bc4
Kf8 28. a4 c6 29. a5 Bd8 30. a6 Bb6 31. Ra1 Ba7 32. Ra3 Rd8 33. Rb3 Rb8 34. Rb7
Rxb7 35. axb7 Ke7 36. Kb3 Bb8 37. Ka4 Bc7 38. b4 cxb4 39. Kxb4 Kd6 40. g5 hxg5
41. hxg5 Ke7 42. Kc5 Bb8 43. Kxc6 Bd6 44. Bb3 Bb8 45. Kb6 Kd8 46. Bd5 Ke7 47.
Kc6 Bd6 48. Bc4 Bb8 49. Kb6 Kd8 50. Bb5 Ke7 51. Bd7 Kd8 52. Kc6 Ke7 53. Kd5 Kd8
54. Ba4 Ke7 55. Bb3 Kd8 56. Kc6 Ke7 57. Kb6 Kd8 58. e7+ Kxe7 59. Bg8 Kf8 60.
Be6 Ke7 61. Bg8 Kf8 62. Bc4 Ke7 63. Kc6 Ke8 64. Bg8 Kf8 65. Bh7 Kg7 66. Kd7
Kxh7 67. Kc8 Bd6 68. b8=Q Bxb8 69. Kxb8 Kg7 70. Kc7 Kf7 71. Kd6 Ke8 72. Kxe5
Ke7 73. Kxf4 Ke6 74. Kg4 Ke5 75. Kg3 Kd4 76. Kf4 Kc5 77. Ke5 1-0

[Event "VII Open Primavera"]
[Site "Como ITA"]
[Date "2012.05.17"]
[Round "5"]
[White "Rossi, Giampiero"]
[Black "Mauri, Agostino"]
[WhiteElo "1896"]
[BlackElo "1494"]
[Result "1-0"]
[PlyCount "55"]
[EventDate "2012.04.19"]

1. d4 d5 2. c4 e6 3. Nc3 Nf6 4. cxd5 exd5 5. Bg5 c6 6. e3 Be7 7. Qc2 Nbd7 8.
Bd3 O-O 9. Nge2 Re8 10. O-O Nf8 11. Rab1 Ng6 12. b4 a6 13. a4 Ng4 14. Bxe7 Qxe7
15. b5 axb5 16. axb5 Qg5 17. bxc6 bxc6 18. Ng3 Nh6 19. Rb6 Bd7 20. Rfb1 Rf8 21.
Na4 Ng4 22. Nc5 Rad8 23. Nxd7 Rxd7 24. Qxc6 Re7 25. Rb8 Nxf2 26. Bxg6 fxg6 27.
Rxf8+ Kxf8 28. Rf1 1-0

[Event "VII Open Primavera"]
[Site "Como ITA"]
[Date "2012.05.17"]
[Round "5"]
[White "Zerboni, Giuseppe"]
[Black "Iachelini, Gianfranco"]
[WhiteElo "1455"]
[BlackElo "1437"]
[Result "0-1"]
[PlyCount "106"]
[EventDate "2012.04.19"]

1. Nf3 d5 2. g3 Nf6 3. Bg2 e6 4. O-O Be7 5. d3 O-O 6. Re1 c5 7. b3 Nc6 8. Nbd2
e5 9. e4 Bg4 10. exd5 Nxd5 11. h3 Nc3 12. hxg4 Nxd1 13. Rxd1 Rb8 14. Bb2 Nd4
15. Nxd4 exd4 16. Ne4 f5 17. gxf5 Rxf5 18. Re1 Qc7 19. Bc1 Rd8 20. Bh3 Rff8 21.
a4 Kh8 22. Bd2 Bd6 23. Re2 h6 24. a5 a6 25. Rb1 Qf7 26. Ree1 Qh5 27. Bg2 Qg6
28. b4 cxb4 29. Nxd6 Rxd6 30. Bxb4 Qf6 31. Re2 Re6 32. Rxe6 Qxf2+ 33. Kh2 Rc8
34. Rb2 Qf5 35. Re4 Qh5+ 36. Kg1 Qd1+ 37. Be1 Qc1 38. Rxb7 Qxc2 39. Rxd4 Re8
40. Bf2 Qa2 41. Be4 Rf8 42. Be3 Qe2 43. Bf4 Qe1+ 44. Kh2 Qf2+ 45. Kh3 Qxd4 46.
Rb6 Qd8 47. Rxa6 Qc8+ 48. Kg2 Qxa6 49. Bc7 Qe6 50. Bb6 Qa2+ 51. Kh3 Rf1 52. Bb7
Qf7 53. g4 Qxb7 0-1

[Event "VII Open Primavera"]
[Site "Como ITA"]
[Date "2012.05.24"]
[Round "6"]
[White "Casarola, Andrea"]
[Black "Brambilla, Emilio"]
[WhiteElo "1284"]
[BlackElo "1464"]
[Result "0-1"]
[PlyCount "54"]
[EventDate "2012.04.19"]

1. d4 d6 2. Nf3 g6 3. e3 Bg7 4. Bd3 Nf6 5. Nbd2 O-O 6. O-O h5 7. h3 Nh7 8. b3
Bd7 9. Bb2 Bf6 10. Rc1 Qc8 11. c4 Ng5 12. Nxg5 Bxg5 13. f4 Bf6 14. Qe2 Kg7 15.
Rf3 Rh8 16. Ne4 h4 17. Rcf1 Nc6 18. Nxf6 exf6 19. f5 g5 20. a3 Qg8 21. g3 Kf8
22. b4 g4 23. hxg4 Qxg4 24. d5 hxg3 25. Bxf6 Rh2 26. Rf4 Qh3 27. Qxh2 Qxh2# 0-1

[Event "VII Open Primavera"]
[Site "Como ITA"]
[Date "2012.05.24"]
[Round "6"]
[White "Coppola, Guido"]
[Black "Orsenigo, Davide"]
[WhiteElo "1990"]
[BlackElo "1833"]
[Result "1-0"]
[PlyCount "93"]
[EventDate "2012.04.19"]

1. e4 c5 2. Nf3 Nf6 3. Nc3 d5 4. exd5 Nxd5 5. Bb5+ Bd7 6. Ne5 e6 7. Qf3 Qe7 8.
Nxd7 Nxd7 9. O-O Nxc3 10. dxc3 O-O-O 11. Bxd7+ Rxd7 12. Be3 Qf6 13. Qg4 h5 14.
Qa4 h4 15. Rfd1 Qd8 16. Rxd7 Qxd7 17. Qxa7 Qd6 18. Qa8+ Kc7 19. Qa4 h3 20. Qe4
f6 21. Qf3 hxg2 22. Bf4 e5 23. Rd1 Qc6 24. Qxc6+ Kxc6 25. Bg3 Bd6 26. f3 g5 27.
Kxg2 f5 28. h3 Re8 29. c4 b6 30. a4 Ra8 31. b3 Re8 32. Rd5 Re7 33. c3 Kc7 34.
b4 Kc6 35. a5 cxb4 36. cxb4 Bxb4 37. axb6 e4 38. Rxf5 e3 39. Rxg5 e2 40. Rb5
Rg7 41. b7 e1=Q 42. b8=Q Qe2+ 43. Kg1 Qe1+ 44. Kh2 Qe2+ 45. Kg1 Qe1+ 46. Kh2
Qxg3+ 47. Qxg3 1-0